An Evaluation of the factors influencing increase in revenue collection by Kenya Revenue Authority (Record no. 16473)
[ view plain ]
| 000 -LEADER | |
|---|---|
| fixed length control field | 00710cam a22001932 4500 |
| 001 - CONTROL NUMBER | |
| control field | 0000025015 |
| 003 - CONTROL NUMBER IDENTIFIER | |
| control field | OSt |
| 005 - DATE AND TIME OF LATEST TRANSACTION | |
| control field | 20170915093303.0 |
| 008 - FIXED-LENGTH DATA ELEMENTS--GENERAL INFORMATION | |
| fixed length control field | 140416s xx 000 0 eng d |
| 040 ## - CATALOGING SOURCE | |
| Original cataloging agency | KABU |
| Transcribing agency | KABU |
| 100 1# - MAIN ENTRY--PERSONAL NAME | |
| Personal name | Lunani, Julia Naliaka |
| 245 13 - TITLE STATEMENT | |
| Title | An Evaluation of the factors influencing increase in revenue collection by Kenya Revenue Authority |
| Statement of responsibility, etc. | Julia Naliaka Lunani |
| 260 ## - PUBLICATION, DISTRIBUTION, ETC. (IMPRINT) | |
| Place of publication, distribution, etc. | Nakuru : |
| Name of publisher, distributor, etc. | Kabarak University, |
| Date of publication, distribution, etc. | 2016 |
| 300 ## - PHYSICAL DESCRIPTION | |
| Extent | xii, 60 leaves |
| 502 ## - DISSERTATION NOTE | |
| Dissertation note | Thesis (MBA) - Kabarak University, 2016. |
| 650 #0 - SUBJECT ADDED ENTRY--TOPICAL TERM | |
| Topical term or geographic name as entry element | Taxation |
| Geographic subdivision | Kenya |
| 942 ## - ADDED ENTRY ELEMENTS (KOHA) | |
| Source of classification or shelving scheme | Library of Congress Classification |
| Koha item type | Thesis, Dissertation and Projecs |
| Classification part | THE HJ3043 |
| Item part | .L86 2016 c.1 |
| Call number prefix | The |
| Withdrawn status | Lost status | Source of classification or shelving scheme | Not for loan | Home library | Current library | Date acquired | Total Checkouts | Full call number | Barcode | Date last seen | Date last checked out | Copy number | Price effective from | Koha item type |
|---|---|---|---|---|---|---|---|---|---|---|---|---|---|---|
| Library of Congress Classification | Kabarak, Main Campus | Kabarak, Main Campus | 15/09/2017 | 2 | THE HJ3043 .L86 2016 c.1 | 027540 | 12/03/2020 | 07/03/2020 | c.1 | 15/09/2017 | Thesis, Dissertation and Projecs | |||
| Library of Congress Classification | Kabarak, Main Campus | Kabarak, Main Campus | 15/09/2017 | THE HJ3043 .L86 2016 c.2 | 027541 | 15/09/2017 | c.2 | 15/09/2017 | Thesis, Dissertation and Projecs | |||||
| Library of Congress Classification | Kabarak, Nakuru City Campus | Kabarak, Nakuru City Campus | 15/09/2017 | KTC THE HJ3043 .L86 2016 c.1 | 027542 | 15/09/2017 | c.1 | 15/09/2017 | Thesis, Dissertation and Projecs |